Statistics for Godsmack Charting Songs (Billboard Hot Rock)

Click here to take the quiz!

General Stats

  • This quiz has been taken 9 times
  • The average score is 6 of 13

Answer Stats

AlbumWeeks OnPeakArtist(s)Song% Correct
The Oracle21 Weeks#7GodsmackCryin' like a Bitch!
83%
When Legends Rise20 Weeks#13GodsmackWhen Legends Rise
83%
1000hp14 Weeks#22Godsmack1000hp
67%
When Legends Rise26 Weeks#9GodsmackBulletproof
67%
The Oracle30 Weeks#5GodsmackLove-Hate-Sex-Pain
50%
When Legends Rise26 Weeks#6GodsmackUnder Your Scars
50%
When Legends Rise14 Weeks#16GodsmackUnforgettable
50%
The Oracle20 Weeks#7GodsmackWhiskey Hangover
50%
Live & Inspired2 Weeks#11GodsmackCome Together
17%
Live & Inspired20 Weeks#17GodsmackRocky Mountain Way
17%
The Oracle7 Weeks#35GodsmackSaints and Sinners
17%
Non-Album Single1 Week#27GodsmackInside Yourself
0%
1000hp6 Weeks#38GodsmackSomething Different
0%

Score Distribution

Percentile by Number Answered

Percent of People with Each Score

Your Score History

You have not taken this quiz